000 00331nam a22001457a 4500
020 _a93-86440-89-X
082 _a894.812.3
_bASH/K
100 _aASHTAMOORTHY
245 _aMALAYALATHINTE ESHTA KATHAKAL
_bKATHANAVAKAM
260 _aTHRISSUR
_bGREEN BOOKS
_c2017
300 _a88
520 _aNOVEL
650 _aNOVEL
942 _cBK
999 _c4811
_d4811